000 nam a22 7a 4500
999 _c232438
_d232438
003 Nust
005 20170216153134.0
008 170216b xxu||||| |||| 00| 0 eng d
040 _c0
082 _a301
100 _4Abdul Hameed Taga
245 _aAn introduction to sociology
_cAbdul Hameed Taga
260 _aLahore
_bAbdul Hameed taga and sons
_c2012
300 _a432p
942 _2ddc
_cBK